000
00288nam a2200109Ia 4500
008
220204s9999 xx 000 0 und d
082
_a
547:541.1
_b
SCH
100
_a
Schwarz, J C P
245
0
_a
Physical methods in organic chemistry
260
_a
London
_b
Oliver & Boyd
_c
1964
942
_c
BK
999
_c
20552
_d
20552